Tourism and the environment in the Caribbean : (Registro nro. 3356)

Detalles MARC
000 -CABECERA
Campo de control 01005nam a2200301 a 4500
005 - FECHA Y HORA DE LA ULTIMA TRANSACCION
Campo de control 20200104041539.0
008 - ELEMENTOS DE LONGITUD FIJA—INFORMACION GENERAL
Campo de control 140311s2001 wauab fr|||| 000 0 eng d
040 ## - FUENTE DE CATALOGACIÓN
Agencia catalogadora original CO-BoIAVH
Agencia transcriptora CO-BoIAVH
041 0# - IDIOMA
Código de idioma para texto/pista de sonido o título separado Inglés
044 ## - PAÍS DE PUBLICACIÓN
País de publicación Estados Unidos
082 04 - NUMERO DE CLASIFICACION DECIMAL DEWEY
Número de clasificación 306.4819
Número del ítem D62t
100 0# - ASIENTO PRINCIPAL--NOMBRE PERSONAL
Nombre personal Dixon, John A.
9 (RLIN) 11514
245 10 - MENCION DE TITULO
Título Tourism and the environment in the Caribbean :
Parte restante del título an economic framework
260 ## - PUBLICACION, DISTRIBUCION, ETC. (PIE DE IMPRENTA)
Lugar de publicación, distribución, etc. Washington :
Nombre del editor, distribuidor, etc. ESSD :
-- World Bank,
Fecha de publicación, distribución, etc. 2001.
300 ## - DESCRIPCION FISICA
Extensión 48 páginas :
Otros detalles físicos Ilustraciones, mapas ;
Dimensiones 28 x 22 cm.
490 0# - MENCION DE SERIE
Mención de serie Environmental Economics
Designación numérica/secuencial del volumen 80
504 ## - NOTA DE BIBLIOGRAFIA, ETC.
Nota de bibliografía Incluye referencias bibliográficas: páginas 47-48.
650 16 - ASIENTO SECUNDARIO DE MATERIA - TERMINO TEMATICO
Término temático o nombre geográfico como elemento de entrada Turismo sostenible
9 (RLIN) 61575
650 26 - ASIENTO SECUNDARIO DE MATERIA - TERMINO TEMATICO
Término temático o nombre geográfico como elemento de entrada Desarrollo sostenible
9 (RLIN) 278
650 26 - ASIENTO SECUNDARIO DE MATERIA - TERMINO TEMATICO
Término temático o nombre geográfico como elemento de entrada Políticas económicas
9 (RLIN) 10940
650 26 - ASIENTO SECUNDARIO DE MATERIA - TERMINO TEMATICO
Término temático o nombre geográfico como elemento de entrada Infraestructura hotelera
9 (RLIN) 10939
650 16 - ASIENTO SECUNDARIO DE MATERIA - TERMINO TEMATICO
Término temático o nombre geográfico como elemento de entrada Impacto ambiental del turismo
9 (RLIN) 19668
662 ## - ASIENTO SECUNDARIO DE MATERIA - JERARQUIA DEL NOMBRE DE LUGAR(
Jurisdicción política intermedia Caribe
700 1# - ASIENTO SECUNDARIO - NOMBRE PERSONAL
Nombre personal Hamilton, Kirk
9 (RLIN) 19669
700 1# - ASIENTO SECUNDARIO - NOMBRE PERSONAL
Nombre personal Pagiola, Stefano
9 (RLIN) 8353
700 1# - ASIENTO SECUNDARIO - NOMBRE PERSONAL
Nombre personal Segnéstam, Lisa
9 (RLIN) 19670
942 ## - ELEMENTOS ADICIONALES (KOHA)
Tipo de ítem Libro
Sistema de clasificación Dewey Decimal Classification
Existencias
Withdrawn status Lost status Sistema de Clasificación Damaged status No para préstamo Colección Inventariado Ubicación Permanente Ubicación actual Fecha de adquisición Fuente de Valor Valor Total Checkouts Número topográfico Inventario / Código de Barras Date last seen Ejemplar Price effective from Forma de adquisición Tipo de material
    Dewey Decimal Classification     General Inventariado 2017 Bogotá Bogotá 18/01/2005 Instituto 39000.00   LB-306.4819 D62t 017049 04/12/2012 Ej. 1 04/12/2012   Libro